000 00241 a2200097 4500
001 48300
100 _aBashir Ahmad Bagoli
245 _aTaqseem Warsat Majmal Man
260 _aRawalpindi
_bPakistan Research centre
_c
090 _c31252
_d31252
942 _aNUST-CAE
_cM
_c23617
999 _c283373
_d283373